书目信息 |
| 题名: |
生命的节奏
|
|
| 作者: | 福斯特 , 克赖茨曼 著 ;郑磊 译 | |
| 分册: | ||
| 出版信息: | 北京 当代中国出版社 2004 |
|
| 页数: | 20,232页 | |
| 开本: | 23cm | |
| 丛书名: | ||
| 单 册: | ||
| 中图分类: | Q811.213 , Q73-49 | |
| 科图分类: | ||
| 主题词: | 人体--生物钟--基本知识 , 生物膜--生物结构 , 生物膜--功能 | |
| 电子资源: | ||
| ISBN: | 7-80170-350-2 | |
| 000 | 01120nam0 2200301 450 | |
| 001 | 1538940023 | |
| 005 | 20150119104927.21 | |
| 010 | @a7-80170-350-2@dCNY26.00 | |
| 100 | @a20050829d2004 em y0chiy50 ea | |
| 101 | 1 | @achi@ceng |
| 102 | @aCN@b110000 | |
| 105 | @aa z 000yy | |
| 200 | 1 | @a生命的节奏@9sheng ming de jie zou@f(英)拉塞尔·福斯特(Russell Foster),(英)利昂·克赖茨曼(Leon Kreitzman)著@g郑磊译 |
| 210 | @a北京@c当代中国出版社@d2004 | |
| 215 | @a20,232页@c图@d23cm | |
| 305 | @aProfile Books Ltd授权出版 | |
| 330 | @a本书描述了生物钟的方方面面的知识,以全新的方式探讨了生物节律,以及其在医学上的重要意义。 | |
| 510 | 1 | @aRhythms of Life@eThe Biological Clocks that Control the Daily Lives of Every Living Thing@zeng |
| 606 | 0 | @a人体@x生物钟@x基本知识 |
| 606 | 0 | @a生物膜@x生物结构 |
| 606 | 0 | @a生物膜@x功能 |
| 690 | @aQ811.213@v5 | |
| 690 | @aQ73-49@v4 | |
| 701 | 0 | @c(英)@a福斯特@9fu si te@c(Foster, Russell)@4著 |
| 701 | 0 | @a克赖茨曼@9ke lai ci man@c(Kreitzman, Leon)@4著 |
| 702 | 0 | @a郑磊@9zheng lei@c(人生哲学)@4译 |
| 801 | 0 | @aCN@bTSSF@c20150119 |
| 905 | @aZUCC@dQ73-49@eJY33 | |
| 生命的节奏/(英)拉塞尔·福斯特(Russell Foster),(英)利昂·克赖茨曼(Leon Kreitzman)著/郑磊译.-北京:当代中国出版社,2004 |
| 20,232页:图;23cm |
| ISBN 7-80170-350-2:CNY26.00 |
| 本书描述了生物钟的方方面面的知识,以全新的方式探讨了生物节律,以及其在医学上的重要意义。 |
| ● |
| 相关链接 |
|
|
|
|
正题名:生命的节奏
索取号:Q73-49/JY33
 
预约/预借
| 序号 | 登录号 | 条形码 | 馆藏地/架位号 | 状态 | 备注 |
| 1 | 7848791 | 278487914 | 学院路分馆/ [索取号:Q73-49/JY33] | 在馆 | |
| 2 | 7848792 | 278487923 | 学院路分馆/ [索取号:Q73-49/JY33] | 在馆 | |
| 3 | 7848793 | 278487932 | 学院路分馆/ [索取号:Q73-49/JY33] | 在馆 | |
| 4 | 7848794 | 278487941 | 学院路分馆/ [索取号:Q73-49/JY33] | 在馆 |